Desastres y desplazamiento en un clima cambiante
Este número contiene los desastres y desplazamientos en un clima cambiante, además artículos sobre: Cartagena + 30, tráfico de personas por sus órganos, animales, la desconfianza en la frontera entre Tailandia y Birmania y el té dulce en Jordania y una minisección sobre la MGF
Uloženo v:
| Korporativní autor: | |
|---|---|
| Médium: | Kniha |
| Jazyk: | Spanish |
| Témata: | |
| Tagy: |
Přidat tag
Žádné tagy, Buďte první, kdo vytvoří štítek k tomuto záznamu!
|
MARC
| LEADER | 00000nam a22000007a 4500 | ||
|---|---|---|---|
| 003 | cru IIS | ||
| 005 | 20220504152028.0 | ||
| 008 | 220504b2015 es ||||| |||| 00| 0 spa d | ||
| 022 | |a 1460-9889 | ||
| 040 | |c cru IIS | ||
| 090 | |a REV1576(49) 2015 | ||
| 110 | 2 | |9 4494 |a Centro de Estudios sobre Refugiados | |
| 245 | |a Desastres y desplazamiento en un clima cambiante | ||
| 520 | |a Este número contiene los desastres y desplazamientos en un clima cambiante, además artículos sobre: Cartagena + 30, tráfico de personas por sus órganos, animales, la desconfianza en la frontera entre Tailandia y Birmania y el té dulce en Jordania y una minisección sobre la MGF | ||
| 650 | 0 | |9 3844 |a MIGRACION FORZADA | |
| 650 | 0 | |9 896 |a VIOLENCIA CONTRA LAS MUJERES | |
| 650 | 7 | |9 9666 |a POLITICA DE SEGURIDAD NACIONAL | |
| 650 | 0 | |9 345 |a CAMBIO CLIMATICO | |
| 773 | 0 | |0 19267 |9 4340 |a Centro de Estudios sobre Refugiados |d Universidad de Oxford ; Centro de Estudios sobre Refugiados |o 18038 |t Migraciones Forzadas: |x 14609819 | |
| 856 | |y https://issuu.com/fmreview/docs/rmf49_cambioclimatico-desastres | ||
| 942 | |2 z |c PP |h REV1576(49) 2015 |6 REV157649_2015 | ||
| 999 | |c 44214 |d 44214 | ||
